فضيحة المعتزلة / (Record no. 16690)
[ view plain ]
| 000 -الفاتح | |
|---|---|
| حقل البيانات ثابتة الطول | 00697nam a22001577a 4500 |
| 008 - عناصر البيانات ثابتة الطول - معلومات عامة | |
| حقل البيانات ثابتة الطول | 120423s1977 lu|||||r|||| 000 0 ara d |
| 082 ## - رقم تصنيف ديوى العشرى | |
| رقم التصنيف | 246 |
| رقم المادة | أ ع س |
| 100 ## - المدخل الرئيسى - إسم شخصى | |
| 9 (RLIN) | 29728 |
| الإسم الشخصى | الراوندي ، |
| الشكل الأكمل للاسم | أحمد بن يحيى بن إسحاق |
| 245 ## - بيان العنوان | |
| العنوان | فضيحة المعتزلة / |
| بيان المسئوليه,etc | أحمد بن يحيى بن إسحاق بن الراوندي ؛ تقديم وتحقيق عبد الأمير الأعسم |
| 246 ## - العنوان الموازى | |
| عنوان صحيح/عنوان مختصر | Fadihat Al -Mutazila |
| 260 ## - PUBLICATION, DISTRIBUTION, ETC. (IMPRINT) | |
| مكان الناشر او الموزع | بيروت : |
| اسم الناشر او الموزع | دار منشورات عويدات ، |
| تاريخ النشر أو التوزيع | 1977 |
| 300 ## - الوصف المادى | |
| التعداد | 430 ص ؛ |
| أبعاد الوعاء | 22 سم |
| 500 ## - تبصرة عامة | |
| تبصرة عامة | النص باللغتين العربية والانجليزية |
| 700 ## - المدخل الاضافى - اسم شخصى | |
| 9 (RLIN) | 29727 |
| الإسم الشخصى | الأعسم ، عبد الأمير |
| 942 ## - عناصر المدخل الإضافي( كوها) | |
| مصدر التصنيف او مخطط الترفيف | Dewey Decimal Classification |
| Koha [default] item type | Book - Borrowing |
| حالة التراجع | حالة الفقد | مصدر التصنيف او خطة الترفيف | حالة تلف | ليس للاعارة | مجموعات كوها | المكان الدائم | المكان الحالي | موقع الترفيف | تاريخ الاكتساب | Source of acquisition | رقم الاستدعاء | الباركود | Date last seen | نوع الوعاء |
|---|---|---|---|---|---|---|---|---|---|---|---|---|---|---|
| Dewey Decimal Classification | Alef-Baa | Central Library | Central Library | Lower Floor | 23/04/2012 | 246 أ ع س | 000026670 | 15/07/2025 | Book - Borrowing |